Maisons de Poudlard - Statistiques

Statistiques générales
  • Ce quiz a été pris 117 fois
  • Le résultat moyen est 36 sur 50
Statistiques - réponses
Hint Réponse % Correct
serpent Serpentard
92%
lion Gryffondor
91%
famille Malefoy Serpentard
91%
rouge Gryffondor
90%
famille Weasley Gryffondor
90%
blaireau Poufsouffle
90%
Voldemort Serpentard
90%
épée Gryffondor
89%
Salazar Serpentard
89%
Minerva McGonagall Gryffondor
87%
courage Gryffondor
86%
bleu Serdaigle
86%
vert Serpentard
86%
or Gryffondor
84%
aigle Serdaigle
84%
Rowena Serdaigle
83%
pureté de sang Serpentard
83%
Godric Gryffondor
82%
Cedric Diggory Poufsouffle
81%
Pomona Chourave Poufsouffle
81%
diadème Serdaigle
81%
Chambre des Secrets Serpentard
81%
Ravenclaw Serdaigle
80%
ruse Serpentard
80%
bravoure Gryffondor
78%
Helga Poufsouffle
78%
dans les cachots Serpentard
77%
Moine Gras Poufsouffle
75%
Nick Quasi-Sans-Tête Gryffondor
74%
près des cuisines Poufsouffle
74%
la Grosse Dame Gryffondor
73%
jaune Poufsouffle
73%
chevalerie Gryffondor
72%
intelligence Serdaigle
71%
Helena Serdaigle
68%
Luna Lovegood Serdaigle
68%
Baron Sanglant Serpentard
66%
ambition Serpentard
66%
entraide Poufsouffle
61%
Filius Flitwick Serdaigle
60%
médaillon Serpentard
60%
curiosité Serdaigle
59%
corbeau (dans les films) Serdaigle
57%
argent Serpentard
52%
bronze Serdaigle
41%
coupe Poufsouffle
40%
noir Poufsouffle
35%
loyauté Poufsouffle
34%
travail acharné Poufsouffle
20%
Objectivement la meilleure maison Poufsouffle
6%
Aucun quiz correspondant
Distribution des résultats
% des personnes avec chaque résultat
Percentile par nombre de réponses
Votre historique - résultats
Vous n’avez pas pris ce quiz